000 00730nam a2200169 4500
008 231213b |||||||| |||| 00| 0 eng d
082 _a305.42
_bHEL
100 _aHélie, Anissa
245 _a Feminism in the Muslim World Leadership Institutes : 1998 & 1999 reports
_bIstanbul, Turkey, September 14-26, 1998 : Lagos, Nigeria, October 25-November 5, 1999
260 _a Rutgers:
_bCenter for Women's Global Leadership,
_c2000
260 _aLondon:
_bWomen Living Under Muslim Laws, International Coordination Office,
_c2000
300 _a ix, 114 p. : ill. ; 23 cm
650 _aFeminism- Islamic countries- Congresses
650 _aMuslim women- Legal status, laws,
650 _aWomen's rights- Islamic countries
942 _cRP
999 _c4421
_d4421